| 000 | 01346cam a22003251 4500 | ||
|---|---|---|---|
| 001 | 30988 | ||
| 003 | BD-RjUL | ||
| 005 | 20211209051640.0 | ||
| 008 | 140413s1952 nyuabh b 000 0 eng | ||
| 035 | _a(BD-RjUL)31075 | ||
| 040 |
_aDLC _cDLC _dDLC _dBD-RjUL _beng |
||
| 041 | 1 | _aengund | |
| 082 | 0 | 0 |
_a875.4 _bMAC 1952 |
| 100 | 1 |
_aMacrobius, Ambrosius Aurelius Theodosius. _994194 |
|
| 245 | 1 | 0 |
_aCommentary on the Dream of Scipio / _ctranslated with an introd. and notes, by William Harris Stahl. |
| 260 |
_aNew York : _bColumbia University Press, _c1952. |
||
| 300 |
_axi, 278 p. : _bmap, diagr., facsim. ; _c24 cm. |
||
| 504 | _aBibliographical footnotes. Bibliography: p. [255]-262. | ||
| 600 | 1 | 0 |
_aCicero, Marcus Tullius. _994201 |
| 600 | 1 | 0 |
_aScipio Aemilianus, P. Cornelius _q(Publius Cornelius), _cAfricanus minor, _d185 B.C. or 184 B.C.-129 B.C. _xIn literature. _994202 |
| 600 | 0 | 0 |
_aScipio, _cAfricanus, _dapproximately 236 B.C.-183 B.C. _xIn literature. _994203 |
| 650 | 0 |
_aNeoplatonism _vEarly works to 1800. _994198 |
|
| 651 | 0 |
_aRome _xIn literature. _971950 |
|
| 700 | 1 |
_aStahl, William Harris, _eed. and tr. _994199 |
|
| 700 | 1 |
_aCicero, Marcus Tullius. _tScipio's dream. _994200 |
|
| 942 |
_2ddc _cBK |
||
| 999 |
_c30988 _d30988 |
||